000
00216 a2200109 4500
020
_a
9788483835418
041
_a
spa
100
_a
Sepulveda, Luis
245
_a
Mundo del fin del mundo
942
_c
BK
952
_7
4
999
_c
19207
_d
19207